000 00404nam a22001577a 4500
005 20240614135837.0
008 240614b |||||||| |||| 00| 0 eng d
020 _a9789384668013
082 _a343.41 SHA;1 R
100 _aSharma, K M. Mago, S P.
245 _aNotices civil and criminal
250 _a3rd ed.
260 _aNew Delhi
_bKamal Publishers
_c2024
300 _axxviii, 416
942 _cLL
999 _c297314
_d297314